Falling up : (Record no. 1491)

MARC details
000 -LEADER
fixed length control field 00833cam a22002775a 4500
005 - DATE AND TIME OF LATEST TRANSACTION
control field 20230828155007.0
020 ## - INTERNATIONAL STANDARD BOOK NUMBER
International Standard Book Number 0060248025
020 ## - INTERNATIONAL STANDARD BOOK NUMBER
International Standard Book Number 0060248033 (lib bdg.)
040 ## - CATALOGING SOURCE
Original cataloging agency UM
Transcribing agency UM
Modifying agency DLC
Language of cataloging eng
050 00 - LIBRARY OF CONGRESS CALL NUMBER
Classification number PS3569.I47224
Item number F3 1996
082 04 - DEWEY DECIMAL CLASSIFICATION NUMBER
Classification number 811/.54
Edition number 20
100 1# - MAIN ENTRY--PERSONAL NAME
Personal name Silverstein, Shel.
245 10 - TITLE STATEMENT
Title Falling up :
Remainder of title poems and drawings /
Statement of responsibility, etc. by Shel Silverstein.
260 ## - PUBLICATION, DISTRIBUTION, ETC.
Place of publication, distribution, etc. New York :
Name of publisher, distributor, etc. HarperCollins,
Date of publication, distribution, etc. 1996
300 ## - PHYSICAL DESCRIPTION
Extent 171 pages :
Other physical details illustrations ;
Dimensions 23 cm
500 ## - GENERAL NOTE
General note Includes index.
520 ## - SUMMARY, ETC.
Summary, etc. A collection of humorous poems and drawings.
521 ## - TARGET AUDIENCE NOTE
Target audience note NP
650 #0 - SUBJECT ADDED ENTRY--TOPICAL TERM
Topical term or geographic name entry element Children's poetry, American.
650 #1 - SUBJECT ADDED ENTRY--TOPICAL TERM
Topical term or geographic name entry element Humorous poetry.
650 #1 - SUBJECT ADDED ENTRY--TOPICAL TERM
Topical term or geographic name entry element American poetry.
906 ## - LOCAL DATA ELEMENT F, LDF (RLIN)
a 7
b cbc
c copycat
d 2
e opcn
f 19
g y-gencatlg
942 ## - ADDED ENTRY ELEMENTS (KOHA)
Source of classification or shelving scheme Dewey Decimal Classification
Koha item type Books
Suppress in OPAC No
999 ## -
-- 1491
-- 1491
Holdings
Withdrawn status Lost status Source of classification or shelving scheme Damaged status Not for loan Collection Home library Current library Shelving location Date acquired Total Checkouts Full call number Barcode Date last seen Price effective from Koha item type
    Dewey Decimal Classification     Non-Fiction Footprints International School Library Network Toul Kork Campus Footprints International School Library Network Toul Kork Campus   08/28/2023   SIL 811.54 PS3569.I47224 FISTK00012 08/28/2023 08/28/2023 Books